000 00465nam a2200205Ia 4500
003 0100
008 130303s9999 xx 000 0 und d
020 _a0691072388
040 _cARRUPELIB
050 _aB2799.E8A95 1979
100 _aAune, Bruce
245 _aKant's theory of morals
260 _aPrinceton
260 _bPrinceton university press
260 _C1979
300 _axi
300 _b 217p. 23cm.
650 _aPHILOSOPHY
942 0 0 _02
999 _c12000
_d12000